000 00293nam a22001337a 4500
008 170526b xxu||||| |||| 00| 0 eng d
020 _a0132794551
041 _aeng
080 _2 2ND
_a62
100 _a27
101 _aIM
245 _aENGINEERING STATISTICS
_cBOWKER,A.H
942 _2udc
_cBK
999 _c14536
_d14536